00731nam a2200205Ia 4500003000900000008004100009040001600050080001500066100003400081245010700115260003900222300001300261490005100274650001900325650001600344650003000360942000700390999001500397952011300412IN-BaIIA211028s9999 xx 000 0 eng d cIIA Library a530.1bBER aBergmann, Peter Gabriel94406 0aBasic theories of physicsbHeat and quantacPeter Gabriel Bergmann  aNew YorkbDover Publicationsc1951 ax, 300p. aDover books explaining science and mathematics aNASA Thesaurus aPhysics973 aTheoretical physics91581 cBK c2463d2463 00104070aBANbBANcGENd1965-06-22g7.87l0o530.1/ BERp2750r2021-11-05v7.87w1965-06-22yBKGRs. 7.87